Match Sheet : Man City 3-2 QPR - Statistics

General Stats
  • This quiz has been taken 57 times
  • The average score is 9 of 22
Answers on the Map
Answers color-coded by a green-red scale on the quiz's map according to % correct below.
 
Answer Stats
Answer % Correct
Sergio Aguero
100%
Joe Hart
88%
Vincent Kompany
76%
David Silva
65%
Pablo Zabaleta
55%
Yaya Touré
53%
Djibril Cissé
51%
Joey Barton
47%
Gaël Clichy
39%
Samir Nasri
37%
Carlos Tevez
35%
Joleon Lescott
33%
Paddy Kenny
31%
Jamie Mackie
29%
Clint Hill
24%
Gareth Barry
24%
Bobby Zamora
20%
Anton Ferdinand
18%
Shaun Derry
16%
Nedum Onuoha
12%
Taye Taiwo
12%
Shaun Wright-Philipps
10%
No matching quizzes found
Score Distribution
Percent of People with Each Score
Percentile by Number Answered
Your Score History
You have not taken this quiz